ბათუმის შოთა რუსთაველის სახელმწიფო უნივერსიტეტის ბიბლიოთეკა

ეკონომეტრიკა. ნ.1 (ბიბ.ჩანაწერი № 34541)

000 -LEADER
fixed length control field 00633nam a2200229Ia 4500
001 - CONTROL NUMBER
control field 296
003 - CONTROL NUMBER IDENTIFIER
control field GE_BSU
008 - FIXED-LENGTH DATA ELEMENTS--GENERAL INFORMATION
fixed length control field 181216s||||||||xx |||||||||||||| ||und||
020 ## - INTERNATIONAL STANDARD BOOK NUMBER
International Standard Book Number 97899410087577
040 ## - CATALOGING SOURCE
Transcribing agency GE_BSU
080 ## - UNIVERSAL DECIMAL CLASSIFICATION NUMBER
Universal Decimal Classification number 33(075.8)
100 ## - MAIN ENTRY--PERSONAL NAME
Personal name ანანიაშვილი,იური
245 ## - TITLE STATEMENT
Title ეკონომეტრიკა. ნ.1
245 ## - TITLE STATEMENT
Remainder of title სახელმძღვანელო
260 ## - PUBLICATION, DISTRIBUTION, ETC.
Place of publication, distribution, etc. თბილისი
260 ## - PUBLICATION, DISTRIBUTION, ETC.
Name of publisher, distributor, etc. მერიდიანი
260 ## - PUBLICATION, DISTRIBUTION, ETC.
Date of publication, distribution, etc. 2010
300 ## - PHYSICAL DESCRIPTION
Extent 342გვ.
653 ## - INDEX TERM--UNCONTROLLED
Uncontrolled term ეკონომეტრიკა.
942 ## - ADDED ENTRY ELEMENTS (KOHA)
Koha item type წიგნი
ეგზემპლარები
Withdrawn status Lost status Damaged status Not for loan Date acquired Barcode Date last seen Price effective from Koha item type
        2018-12-17 1084 2018-12-17 2018-12-17 წიგნი